| 000 | 00607cam a2200205 a 4500 | ||
|---|---|---|---|
| 020 | _a1555878997 (pbk. : alk. paper) | ||
| 040 | _cDLC | ||
| 082 | 0 | 0 | _a327 LYN 2001 A014 Or. |
| 100 | 1 | _aMcWilliams, Wayne C. | |
| 245 | 1 | 4 |
_aThe World since 1945 : _ba history of international relations / |
| 250 | _a5th ed. | ||
| 260 |
_aBoulder, Co. : _bLynne Rienner Publishers, _c2001. |
||
| 300 |
_axi, 628 p.: _bill. ; _c23 cm. |
||
| 650 | 0 | _aWorld politics | |
| 650 | 0 | _aWorld politics | |
| 650 | 0 | _aInternational relations. | |
| 650 | 0 | _aMilitary history, Modern | |
| 700 | 1 | _aPiotrowski, Harry. | |
| 942 | _cEK | ||
| 999 |
_c12888 _d12888 |
||